LEADER 01113nam a22002651i 4500 001 991003624099707536 005 20040726160005.0 008 040802s1955 fr |||||||||||||||||fre 035 $ab13102175-39ule_inst 035 $aARCHE-105478$9ExL 040 $aBiblioteca Interfacoltà$bita$cA.t.i. Arché s.c.r.l. Pandora Sicilia s.r.l. 082 04$a841.8 100 1 $aRaymond, Marcel$0386574 245 10$aBaroque & Renaissance poétique :$bpréalable a l'examen du baroque littéraire français : quelques aspects de la poésie de Ronsard : esquisse d'un Mal herbe /$cMarcel Raymond 260 $aParis :$bJ. Corti,$c1955 300 $a172 p. ;$c19 cm 600 14$aMalherbe, François :$cde 600 14$aRonsard, Pierre :$cde 650 4$aPoesia francese$ySec. 16.-17. 907 $a.b13102175$b02-04-14$c05-08-04 912 $a991003624099707536 945 $aLE002 Fondo Giudici H 738$g1$i2002000303981$lle002$nC. 1$o-$pE0.00$q-$rn$so $t0$u0$v0$w0$x0$y.i13736449$z05-08-04 996 $aBaroque & Renaissance poétique$9307010 997 $aUNISALENTO 998 $ale002$b05-08-04$cm$da $e-$ffre$gfr $h0$i1 LEADER 01729nam 22005893a 450 001 9910220020203321 005 20250203235429.0 010 $a9783038424000 010 $a3038424005 024 8 $a10.3390/books978-3-03842-401-7 035 $a(CKB)3800000000216515 035 $a(oapen)https://directory.doabooks.org/handle/20.500.12854/45639 035 $a(ScCtBLL)99f37cde-f350-42ca-be41-05802eb906e9 035 $a(OCoLC)1105794405 035 $a(oapen)doab45639 035 $a(EXLCZ)993800000000216515 100 $a20250203i20172019 uu 101 0 $aeng 135 $aurmn|---annan 181 $ctxt$2rdacontent 182 $cc$2rdamedia 183 $acr$2rdacarrier 200 00$aEarth Observations for Geohazards$fRoberto Tomás, Zhenhong Li 210 $cMDPI - Multidisciplinary Digital Publishing Institute$d2017 210 1$aBasel, Switzerland :$cMDPI,$d2017. 215 $a1 electronic resource (X, 490 p.) 311 08$a9783038424017 311 08$a3038424013 330 $aEarth Observations for Geohazards 606 $aEnvironmental economics$2bicssc 610 $aLiDAR 610 $aInSAR 610 $aremote sensing 610 $aearthquake 610 $aUAV 610 $alandslide 610 $aland subsidence 610 $aearth observation 610 $asurface displacement 610 $ageohazards 610 $adeformation 610 $aoptical 610 $adamage assessment 615 7$aEnvironmental economics 700 $aTomás$b Roberto$01786744 702 $aLi$b Zhenhong 801 0$bScCtBLL 801 1$bScCtBLL 906 $aBOOK 912 $a9910220020203321 996 $aEarth Observations for Geohazards$94318902 997 $aUNINA